000 00535nam a22002057a 4500
003 UA-OsUOA
001 11547
007 ta
008 20050328b un ||||| |||| 00| 0 ukr d
100 _aБатурин Сергій
942 _cSA
040 _aUA-OsUOA
_bukr
_cUA-OsUOA
_dUA-OsUOA
245 _aOST
_bРоман
_cСергій Батурин
300 _aС.6-65
955 _a0
041 _aukr
044 _aUA
773 0 _w0
_tСучасність
_dКиїв
_d2005
_g№3
650 7 _aХудожня література
_2UDC
999 _c297708
_d297708